| 000 | 00546nam a2200193Ia 4500 | ||
|---|---|---|---|
| 008 | 180523s9999 xx 000 0 und d | ||
| 020 | _a1-59139-133-4 | ||
| 050 | _aMAIN HD 69 | ||
| 050 | _b.S8H37 2002 | ||
| 245 | 0 | _aHarvard business review on strategic alliances / | |
| 260 | _aBoston : | ||
| 260 | _bHarvard Business School Publishing, | ||
| 260 | _c2002 | ||
| 300 | _a216 pages : | ||
| 300 | _c21 cm. | ||
| 440 | _aHarvard business review paperback series | ||
| 500 | _aIncludes index. | ||
| 650 | _aStrategic alliences (Business). | ||
| 999 |
_c356965 _d356965 |
||